000 nam a22 a 4500
999 _c134584
_d134584
003 BLK
005 20201020155823.0
008 180409b bul|||||r ||||||| ||bul||
010 _aKNG00140498000
040 _aBLK
041 _aFRE
_cFRE
072 7 _2bullib
_aЦ
_xРедки и ценни
080 _aЕволюционно учение. Дарвинизъм. Видообразуване. Филогенез - Борба за съществуване, изолация, адаптация, отбор и др. Биомакромолекули, молекулярна еволюция, клетки и субклетъчни структури, тъ
_b575.8
_z575.8
080 _aЕволюционизъм
_b141.155
_z141.155
100 1 _aHaeckel, Ernest
_eпърви автор
_9324461
139 _aHaeckel, Ernst
_bH 13
245 1 0 _aLes preuves du transformisme
_bReponse a Virchow
_cErnest Haeckel; прев. от нем. и предг. Jules Soury.
257 _aFRA
260 _aParis
_bLibr. Germer Bailliere
_c1879
300 _aXXXVI, 155 c.
_c18 см
380 _a5
490 _9435080
_aКолекция Редки и ценни издания
650 4 _aЕволюционни учения
_9154114
650 4 _aЕволюция [биол.] - философски проблеми
_9324462
653 _aеволюция
653 _aеволюционизъм
659 _aЦ
700 1 _aSoury, Jules
_eпрев. от нем. и предг.
_924828
852 _aРф 879
_bРц
856 4 _qpdf
856 4 _qpdf
942 _cKNG
_n0
_s1
944 _aCR
_c08.03.2013
_kНаталия_Медовщикова
944 _aED
_c08.03.2013
999 _d134584